Statistiques concernant Premier League gagnant

Cliquez ici pour prendre le quiz!

Statistiques générales

  • Ce quiz a été pris 292 fois
  • Le résultat moyen est 12 sur 24

Statistiques - réponses

Nombre de titresClubs% Correct
9Manchester City
100%
20Manchester United
100%
19Liverpool
98%
6Chelsea
96%
13Arsenal
94%
2Tottenham
79%
7Aston Villa
78%
1Leicester
76%
4NewCastle
71%
1Nottingham Forest
67%
9Everton
66%
3Leeds United
49%
3Wolverhampton
46%
2Burnley
40%
1Sheffield United
33%
3Blackburn Rovers
29%
6Sunderland
29%
2Derby Country
15%
2Portsmouth
12%
1Ipswich
11%
1West Bromwich Albion
11%
2Preston
9%
4Sheffield Wednesday
9%
3Huddersfield
7%

Distribution des résultats

Percentile par nombre de réponses

% des personnes avec chaque résultat

Votre développement - résultats

Vous n’avez pas pris ce quiz